|
|
|
|
| LEADER |
01003pam a22003138a 4500 |
| 001 |
00035706 |
| 005 |
20171026081025.0 |
| 008 |
161222s2009 ||||||Viesd |
| 020 |
# |
# |
|c 98000
|
| 041 |
0 |
# |
|a Vie
|
| 082 |
1 |
4 |
|a 614.4
|b V250S
|
| 100 |
1 |
# |
|a Đào, Ngọc Phong
|
| 245 |
0 |
0 |
|a Vệ sinh môi trường dịch tễ
|c Đào Ngọc Phong
|n Tập 2
|
| 250 |
# |
# |
|a Tái bản lần thứ 2
|b Có sữa chữa và bổ sung
|
| 260 |
# |
# |
|a Hà Nội
|b Y học
|c 2009
|
| 300 |
# |
# |
|a 466tr.
|c 24 cm.
|
| 500 |
# |
# |
|a ĐTTS: Trường Đại học y Hà Nội. Bộ môn vệ sinh - Môi trường- Dịch tễ
|
| 653 |
# |
# |
|a Bệnh
|
| 653 |
# |
# |
|a Con Người
|
| 653 |
# |
# |
|a Dịch tể học
|
| 653 |
# |
# |
|a Môi trường
|
| 852 |
# |
# |
|b Kho đọc
|j KD.0017210
|
| 852 |
# |
# |
|j KD.0017210
|
| 910 |
|
|
|d 22/12/2016
|
| 980 |
# |
# |
|a Trung tâm Học liệu Lê Vũ Hùng, Trường Đại học Đồng Tháp
|